| 000 | 00502nam a2200181 i 4500 | ||
|---|---|---|---|
| 001 | 8659 | ||
| 003 | ES-MaACL | ||
| 005 | 20230906145515.0 | ||
| 007 | t| | ||
| 008 | 920819s1989 tu ||||1| spa d | ||
| 080 | _a894-14"19" | ||
| 080 | _a894(Cengiz Büker,A.7 P.03=6) | ||
| 100 | 1 |
_aCengiz Büker, A. _937407 |
|
| 245 | 1 | 0 |
_aPoemas I / _cA. Cengiz Büker. |
| 260 |
_aAnkara : _b[s.n.], _c1989. |
||
| 300 |
_a46 p. ; _c19 cm. |
||
| 852 |
_aES-MaACL _j2145-F-15 _bR.120797 _q. - Ded. autógr. del autor |
||
| 999 |
_c8659 _d8659 |
||